| 000 | 00000nas 2200000za 4500 |
| 001 | 9.806991 |
| 003 | CaOODSP |
| 005 | 20221107140030 |
| 007 | cr ||||||||||| |
| 008 | 150406d20152019oncqr p o||||f0 |0fre|d |
| 040 | |aCaOODSP|bfre |
| 043 | |an-cn--- |
| 086 | 1 |aNH12-35F-PDF |
| 245 | 00|aActualités habitation, tableaux. |pRMR de St. Catharines-Niagara |h[ressource électronique]. |
| 260 | |a[Ottawa] : |bSociété canadienne d'hypothèques et de logement, |cc2015-2019. |
| 310 | |aTrimestriel |
| 362 | 0 |aQuatrième trimestre de 2015-premier trimestre de 2019. |
| 500 | |a« Le marché de l'habitation ... Marché de l'habitation : notre savoir à votre service ». |
| 500 | |aPublié aussi en anglais sous le titre : Housing now tables. St. Catharines-Niagara CMA. |
| 692 | 07|2gccst|aDémographie |
| 692 | 07|2gccst|aLogement |
| 692 | 07|2gccst|aPrix |
| 692 | 07|2gccst|aPrêt hypothécaire |
| 710 | 2 |aSociété canadienne d'hypothèques et de logement. |
| 775 | 08|tHousing now tables. |w(CaOODSP)9.806984 |
| 780 | 00|tActualités habitation. |w(CaOODSP)9.500942 |
| 986 | |a64237 |